Master the SSAT and ISEE
محفوظ في:
| المؤلف الرئيسي: | |
|---|---|
| التنسيق: | كتاب |
| اللغة: | Undetermined |
| منشور في: |
Australia
Thomson Learning
2001
|
| الموضوعات: | |
| الوسوم: |
إضافة وسم
لا توجد وسوم, كن أول من يضع وسما على هذه التسجيلة!
|
| Thư viện lưu trữ: | Trung tâm Học liệu Trường Đại học Cần Thơ |
|---|
| LEADER | 00520nam a2200193Ia 4500 | ||
|---|---|---|---|
| 001 | CTU_52177 | ||
| 008 | 210402s9999 xx 000 0 und d | ||
| 020 | |b 258000 | ||
| 082 | |a 428.24 | ||
| 082 | |b R662 | ||
| 100 | |a Jacqueline Robinson | ||
| 245 | 0 | |a Master the SSAT and ISEE | |
| 245 | 0 | |c Jacqueline Robinson | |
| 260 | |a Australia | ||
| 260 | |b Thomson Learning | ||
| 260 | |c 2001 | ||
| 650 | |a englissh language | ||
| 650 | |x examinations,study guides | ||
| 980 | |a Trung tâm Học liệu Trường Đại học Cần Thơ | ||